[Event "Stuttgart-chA int"]
[Site "Ditzingen"]
[Date "2009.05.21"]
[Round "1"]
[White "Lebeda, Timo"]
[Black "Hoeschele, Hans Ulrich"]
[Result "1-0"]
[WhiteElo "1942"]
[BlackElo "2174"]
[PlyCount "83"]
[EventDate "2009.05.21"]
[EventType "swiss"]
[EventRounds "7"]
[EventCountry "GER"]
[SourceTitle "EXT 2018"]
[Source "ChessBase"]
[SourceDate "2017.10.13"]
[SourceVersion "1"]
[SourceVersionDate "2017.10.13"]
[SourceQuality "1"]

1. c4 e5 2. Nf3 d6 3. d4 Nd7 4. Nc3 c6 5. g3 Ngf6 6. Bg2 Be7 7. 0-0 0-0 8. b4 e4 9. Nd2 d5 10. b5 Re8 11. Qb3 Nf8 12. Rd1 Ne6 13. Nf1 Nc7 14. a4 dxc4 15. Qc2 Bf5 16. bxc6 bxc6 17. Ne3 Bg6 18. Nxe4 Nfd5 19. Qxc4 Nb4 20. Nc5 Rb8 21. Ba3 Ncd5 22. Nxd5 cxd5 23. Qc3 Nc2 24. Ra2 Nxa3 25. Rxa3 Be4 26. Rb3 Bxg2 27. Kxg2 Rb6 28. e3 Qc8 29. Rdb1 Rh6 30. h4 g5 31. Nd3 Qf5 32. Rb8 Rxb8 33. Rxb8+ Kg7 34. Qc8 Qxc8 35. Rxc8 Ra6 36. Rc7 Kf8 37. hxg5 Rxa4 38. f4 a5 39. Ne5 Ra1 40. Nc6 a4 41. Nxe7 a3 42. Nxd5 1-0

[Event "GER-ch Net qual3 U14"]
[Site "Playchess.com INT"]
[Date "2009.05.17"]
[Round "4"]
[White "Bounine, Daniel"]
[Black "Lebeda, Timo"]
[Result "0-1"]
[WhiteElo "1685"]
[BlackElo "1942"]
[PlyCount "92"]
[EventDate "2009.05.17"]
[EventType "swiss (blitz)"]
[EventRounds "7"]
[EventCountry "GER"]
[SourceTitle "CBM 130 Extra"]
[Source "ChessBase"]
[SourceDate "2009.07.02"]
[SourceVersion "2"]
[SourceVersionDate "2009.07.15"]
[SourceQuality "1"]

1. e4 c5 2. Nf3 d6 3. d4 cxd4 4. Nxd4 Nf6 5. Nc3 a6 6. Be3 e6 7. Qd2 Be7 8. f3 Qc7 9. g4 Nbd7 10. g5 Nh5 11. f4 f6 12. gxf6 Nhxf6 13. Rg1 g6 14. f5 Nc5 15. fxg6 hxg6 16. Qg2 Rg8 17. 0-0-0 Bd7 18. Be2 0-0-0 19. Nb3 Nxb3+ 20. axb3 b5 21. Qf2 Kb7 22. Bf3 e5 23. Rd3 Rc8 24. Na2 Bc6 25. Rc3 Qa5 26. Kb1 Nxe4 27. Bxe4 Bxe4 28. Qf7 Qd8 29. Rg4 Rf8 30. Qg7 Bf5 31. Rg1 Rxc3 32. Nxc3 Kb8 33. Nd5 Re8 34. Bb6 Qd7 35. Bc7+ Kb7 36. Rg3 Be4 37. Nf6 Qxc7 38. Nxe8 Qxc2+ 39. Ka2 Qb1+ 40. Ka3 Qa1+ 41. Kb4 Qe1+ 42. Rc3 Qh4 43. Nxd6+ Kb6 44. Qxe7 Bb1+ 45. Rc4 a5+ 46. Kc3 Qe1# 0-1

[Event "GER-ch Net qual2 U14"]
[Site "Playchess.com INT"]
[Date "2009.05.13"]
[Round "3"]
[White "Lebeda, Timo"]
[Black "Schmitt, Katrin"]
[Result "0-1"]
[WhiteElo "1942"]
[BlackElo "1658"]
[PlyCount "98"]
[EventDate "2009.05.13"]
[EventType "swiss (blitz)"]
[EventRounds "7"]
[EventCountry "GER"]
[SourceTitle "CBM 130 Extra"]
[Source "ChessBase"]
[SourceDate "2009.07.02"]
[SourceVersion "2"]
[SourceVersionDate "2009.07.15"]
[SourceQuality "1"]

1. c4 e6 2. d4 d5 3. Nf3 Nf6 4. g3 c6 5. Bg2 Be7 6. cxd5 exd5 7. 0-0 0-0 8. Nc3 Be6 9. Bf4 Qb6 10. Qc2 Nbd7 11. a3 h6 12. b4 Nh5 13. Be3 a6 14. Na4 Qb5 15. Nc5 Nxc5 16. bxc5 Rab8 17. Rab1 Qa5 18. Bd2 Qc7 19. Rb6 Bd8 20. Rfb1 Qc8 21. R6b2 Nf6 22. Bf4 Ra8 23. Bd6 Re8 24. Qc1 Ra7 25. Ne5 Bc7 26. Bxc7 Qxc7 27. Rb6 Bc8 28. R1b4 Nd7 29. Nxd7 Qxd7 30. Qb2 Qe7 31. e3 g6 32. a4 Kg7 33. a5 Qd7 34. Qe2 Qe7 35. Qf1 Qf6 36. Bh3 Bxh3 37. Qxh3 Re7 38. Qc8 Qe6 39. Qb8 Qg4 40. Qxa7 Qd1+ 41. Kg2 Qg4 42. Rxb7 Qe4+ 43. Kg1 Rxb7 44. Rxb7 Qf3 45. Rb1 Qe2 46. Qb6 Qa2 47. Qb4 Qe2 48. Qb2 Qf3 49. Qc2 h5 0-1